书目信息 |
| 书名: | Criminal evidence for the law enforcement officer | |
| 作者: | Norman M. Garland, Gilbert B. Stuckey | |
| 分册号: | ||
| 分册名: | 出版地: | New York, N.Y. : |
|
| 出版社: | Glencoe/McGraw-Hill | |
| 出版时间: | c2000. | |
| 页数: | ix, 534 p. : | |
| 开本: | 23 cm. | |
| 丛书名: | ||
| 中图分类号: | ||
| 科图分类号: | ||
| 其他分类号: | D971.252 | |
| 主题词: | ||
| 电子资源: | ||
| 000 | 01286nam 2200361 a 4500 | |
| 001 | E0754565051 | |
| 003 | OCoLC | |
| 005 | 20070317151947.14 | |
| 008 | uu | |
| 008 | 980618s2000 nyu 001 0 eng | |
| 010 | @a98028972 | |
| 020 | @a0028009665. | |
| 020 | @a0028009223 (alk. paper). | |
| 040 | @aDLC @cDLC | |
| 043 | @an-us--- | |
| 049 | @aN5LA | |
| 050 | 00 | @aKF9660 @b.S8 2000 |
| 082 | 00 | @a345.73/06 @221 |
| 090 | @a2-2000/D971.252/G233/2000//////1243050 | |
| 090 | @aD971.252 | |
| 096 | @aD971.252 @v4 | |
| 099 | @dD971.252@ex35=4 | |
| 100 | 1 | @aGarland, Norman M. |
| 245 | 10 | @aCriminal evidence for the law enforcement officer / @cNorman M. Garland, Gilbert B. Stuckey |
| 250 | @a4th ed. | |
| 260 | @aNew York, N.Y. :@bGlencoe/McGraw-Hill,@cc2000. | |
| 300 | @aix, 534 p. :@bill., maps ;@c23 cm. | |
| 500 | @aIncludes indexes. | |
| 500 | @aRev. ed. of: Evidence for the law enforcement officer / by Gilbert B. Stuckey. 3rd ed. c1979. | |
| 650 | 0 | @aEvidence, Criminal @zUnited States. |
| 700 | 1 | @aStuckey, Gilbert B. @tEvidence for the law enforcement officer. @b00 @c20020930 @lNLC09 @h2254 @lNLC09 @h0028 @lNLC09 @h2024 |
| 700 | 1 | @aStuckey, Gilbert B., @ejt. auth. |
| 852 | 9 | @bWWJC @cJ09 @k2-2000 @hD971.252 @iG233/2000 |
| Criminal evidence for the law enforcement officer / / Norman M. Garland, Gilbert B. Stuckey.-4th ed.-New York, N.Y. : : Glencoe/McGraw-Hill, , c2000. |
| ix, 534 p. : : ill., maps ; ; 23 cm. |
| Includes indexes.-Rev. ed. of: Evidence for the law enforcement officer / by Gilbert B. Stuckey. 3rd ed. c1979. |
| ISBN 0028009665. |
| ● |
| 相关链接 |
|
|
|
|
正题名:Criminal evidence for the law enforcement officer
索取号:D971.252/x35=4
 
预约/预借
| 序号 | 登录号 | 条形码 | 馆藏地/架位号 | 状态 | 备注 |
| 1 | 0002495 | 300024952 | 第二样本阅览室/ [索取号:D971.252/x35=4] | 在馆 | |
| 2 | 0002496 | 300024961 | 第四借阅区/ [索取号:D971.252/x35=4] | 在馆 | |
| 3 | 0002971 | 300029715 | 第四借阅区/ [索取号:D971.252/x35=4] | 在馆 |